Welcome to the Holygrace Academy Library

Please use search bar below to get started

KOLAMARATHIL NINNULLA KURIPPUKAL (Record no. 1134)

MARC details
000 -LEADER
fixed length control field 00330nam a22001337a 4500
082 ## - DEWEY DECIMAL CLASSIFICATION NUMBER
Classification number 894.812
Item number FUC/K
100 ## - MAIN ENTRY--AUTHOR NAME
Personal name JULIUS FUCIK
245 ## - TITLE STATEMENT
Title KOLAMARATHIL NINNULLA KURIPPUKAL
250 ## - EDITION STATEMENT
Edition statement FOURTH EDITION
260 ## - PUBLICATION, DISTRIBUTION, ETC. (IMPRINT)
Place of publication THIRUVANANTHAPURAM
Name of publisher CHINTHA PUBLISHERS
Year of publication 1997
300 ## - PHYSICAL DESCRIPTION
Number of Pages 104
650 ## - SUBJECT ADDED ENTRY--TOPICAL TERM
Topical Term MOTIVATIONAL
Geographic subdivision KERALA
942 ## - ADDED ENTRY ELEMENTS (KOHA)
Koha item type Books
Holdings
Withdrawn status Lost status Collection code Home library Current library Shelving location Date acquired Source of acquisition Cost, normal purchase price Full call number Accession Number Koha item type
    Reference Main Library Main Library SHELF-6E-- MALAYALAM PSYCHOLOGICAL &MOTIVATIONAL BOOKS 12/01/2005 purchase 35.00 894.812 FUC/K 01995 Books